000 00340nam a2200133Ia 4500
005 20260328104307.0
008 260328s9999||||xx |||||||||||||| ||und||
100 _aLewis, Roger K.
245 0 _aArchitect? A Candid Guide to the Profession /
_cRoger K. Lewis
260 _bMIT Press
300 _a263 p.
650 _aESCUELAS
942 _cBK
999 _c10791
_d10791